000 00796aam a2200289 i 4500
001 768714001
003 CO-MdFUSB
005 20250901152908.0
007 ta
008 250901t1964 -us |||| |||| 00| 0 eng d
040 _cCO-MdFUSB
041 0 _aeng
082 0 4 _223
_a249.8
_bC381r
100 1 _aCavert, Walter Dudley (1891-)
_eautor
245 1 0 _aRemember now :
_bDaily devotional readings for young people
_c/ Walter Dudley Cavert
264 1 _bAbingdon Press,
_aNew York, USA :
_c[1964]
264 4 _c©1964
300 _a224 páginas
336 _atexto
_btxt
_2rdacontent
337 _2rdamedia
_asin mediación
_bn
338 _2rdacarrier
_avolumen
_bnc
563 _aPasta dura
653 _aDevocionales
942 _cBK
945 _aJTF-925
999 _c36332
_d36332